INDUSTRIAL PHARMACY-II FOR B PHARMA 4TH AND 7TH SEMESTER (Record no. 8955)

MARC details
000 -LEADER
fixed length control field 00557nam a22001817a 4500
005 - DATE AND TIME OF LATEST TRANSACTION
control field 20251127123539.0
008 - FIXED-LENGTH DATA ELEMENTS--GENERAL INFORMATION
fixed length control field 251124b |||||||| |||| 00| 0 eng d
020 ## - INTERNATIONAL STANDARD BOOK NUMBER
ISBN 978-81-19613-27-4
041 ## - LANGUAGE CODE
Language code of text/sound track or separate title eng
082 ## - DEWEY DECIMAL CLASSIFICATION NUMBER
Classification number 350 RAJ-I
100 ## - MAIN ENTRY--AUTHOR NAME
Personal name RAJPUT, HAKIM SINGH & SINGH, LALIT KUMAR AND RAJPUT, SHOBHA AND KUMAR, ANUJ
245 ## - TITLE STATEMENT
Title INDUSTRIAL PHARMACY-II FOR B PHARMA 4TH AND 7TH SEMESTER
250 ## - EDITION STATEMENT
Edition statement 1ST ED. 2025
260 ## - PUBLICATION, DISTRIBUTION, ETC. (IMPRINT)
Place of publication NEW DELHI
Name of publisher INNOVATIVE PUBLICATION PVT LTD
Year of publication 20258
300 ## - PHYSICAL DESCRIPTION
Number of Pages 184;P
650 ## - SUBJECT ADDED ENTRY--TOPICAL TERM
Topical Term PHARMACY
General subdivision B.PHARMA
942 ## - ADDED ENTRY ELEMENTS (KOHA)
Koha item type Books
Holdings
Lost status Damaged status Collection code Home library Current library Date acquired Source of acquisition Cost, normal purchase price Full call number Accession Number Koha item type
    PHARMACY JRU Library JRU Library 14/11/2025 PURCHASE 350.00 615.3 29065 Books